[Event "SVK-chT 9899"]
[Site "SVK"]
[Date "1998.??.??"]
[Round "2"]
[White "Maros, Milan"]
[Black "Priehoda, Vitezslav"]
[Result "0-1"]
[WhiteElo "2225"]
[BlackElo "2370"]

1.e4 c5 2.Nf3 e6 3.d4 cxd4 4.Nxd4 a6 5.Bd3 Qb6 6.Nb3 Qc7 7.f4 d6 8.Be3 Nf6
9.Nc3 b5 10.a3 Bb7 11.O-O Nbd7 12.Qe2 Be7 13.Rae1 O-O 14.g4 d5 15.e5 Ne4
16.Bxe4 dxe4 17.Bd4 f5 18.exf6 Nxf6 19.g5 Nd5 20.Nxd5 Bxd5 21.Be5 Qc4 22.Nd4 Qxe2
23.Nxe2 Bc4 24.Rf2 e3 25.Rg2 Rad8 26.Nd4 Bd6 27.c3 Rxf4 28.Bxf4 Bxf4 29.Nc2 Rd3
30.g6 hxg6 31.Rxg6 Kf7 32.Rg2 e5 33.a4 g5 34.Na3 Bd5 35.Rge2 bxa4 36.Nc2 Bf3
37.Rxe3 Bxe3+ 38.Rxe3 e4 39.Rxd3 exd3 40.Ne3 d2  0-1

[Event "SVK-chT 9899"]
[Site "SVK"]
[Date "1998.??.??"]
[Round "2"]
[White "Zavadsky, Peter"]
[Black "Banas, Jan"]
[Result "1/2-1/2"]
[WhiteElo "2245"]
[BlackElo "2425"]

1.e4 c5 2.Nf3 e6 3.d4 cxd4 4.Nxd4 a6 5.Bd3 Nf6 6.c4 Qc7 7.O-O d6 8.Nc3 Nbd7
9.Be3 Be7 10.Rc1 O-O 11.f4 b6 12.b4 Bb7 13.f5 e5 14.Nb3 h6 15.a4 a5 16.Nd5 Qd8
17.bxa5 bxa5 18.Bd2 Re8 19.Rb1 Bc6 20.Qe1 Nxd5 21.cxd5 Bxa4 22.Nxa5 Bg5 23.Bxg5 hxg5
24.Nb7 Qc7 25.Qc1 Nc5 26.Nxc5 Qxc5+ 27.Qxc5 dxc5 28.Rfc1 Rec8 29.Ra1 Kf8
30.Ra3 Bd7 31.Rxa8 Rxa8 32.Rxc5 Ra3 33.Bc2 Ke7 34.Kf2 Kd6 35.Rc4 Bb5 36.Rc8 Bd7
37.Rc4 Bb5 38.Rb4 Kc5 39.Rb2 Bc4 40.Bb1 f6 41.Rd2 Kd6 42.Bc2 Bb5 43.h3 Rc3
44.Bd1 Bd3 45.Bf3 Bc2 46.Re2 Ba4 47.Re1 Rc2+ 48.Ke3 Rc3+ 49.Kd2 Rc2+ 50.Kd3 Ra2
51.Rc1 Bb5+ 52.Ke3 Ra3+ 53.Kf2 Ra2+ 54.Kg3 Ra4 55.Rc3 Bc4 56.Kf2 Ra2+ 57.Kg3 Ra4
58.Bd1 Rb4 59.Ra3 Bb5 60.Bf3 Bc4 61.Kg4 Bb5 62.h4 gxh4 63.Kxh4 Rd4 64.Re3 Bd7
65.g4 Rb4 66.Kg3 Ba4 67.Rc3 Bd7 68.Ra3 Ba4 69.g5 fxg5 70.Kg4 Bc2 71.Ra6+ Kd7
72.Kxg5 Bxe4 73.Bg4 Bxd5 74.f6+ Rxg4+ 75.Kxg4 gxf6 76.Rxf6  1/2-1/2

[Event "SWE-chT 9899"]
[Site "Sweden"]
[Date "1998.??.??"]
[Round "5"]
[White "Jonsson, Hans"]
[Black "Hellsten, Johan"]
[Result "0-1"]
[WhiteElo "2395"]
[BlackElo "2460"]

1.e4 c5 2.Nf3 e6 3.d4 cxd4 4.Nxd4 a6 5.Bd3 Nf6 6.O-O Qc7 7.c4 Nc6 8.Nxc6 dxc6
9.f4 e5 10.f5 Bc5+ 11.Kh1 h5 12.Nc3 Ng4 13.Qe2 b6 14.Bg5 Bb7 15.h3 Nf6 16.Rac1 Bd4
17.b4 a5 18.b5 c5 19.Nd5 Qd6 20.Qe1 O-O-O 21.Qh4 Bxd5 22.exd5 e4 23.Bxf6 Bxf6
24.Qxe4 Rde8 25.Qf3 Bd8 26.Qf4 Qxf4 27.Rxf4 Bg5 28.Rff1 Bxc1 29.Rxc1 Re3
30.Bf1 h4 31.Rc2 Rhe8 32.Rf2 R8e4 33.Kh2 Kc7 34.f6 g6 35.Rd2 Kd6 36.Rf2 Ke5
37.Rd2 Rd4 38.Rf2 Rf4  0-1

[Event "SWE-chT 9899"]
[Site "Sweden"]
[Date "1998.??.??"]
[Round "5"]
[White "Ernst, Thomas"]
[Black "Svensson, Bengt"]
[Result "1/2-1/2"]
[WhiteElo "2410"]
[BlackElo "2390"]

1.e4 c5 2.Nf3 e6 3.d4 cxd4 4.Nxd4 a6 5.Bd3 Nf6 6.O-O Qc7 7.Qe2 d6 8.c4 g6
9.Nc3 Bg7 10.Nf3 O-O 11.Bf4 Nc6 12.Rfd1 e5 13.Be3 Bg4 14.Bc2 Nd4 15.Bxd4 exd4
16.Rxd4 Nd7 17.Rd2 Bxc3 18.bxc3 Ne5 19.Rd4 b5 20.Rad1 Bxf3 21.gxf3 Nxc4 22.Bb3 Na5
23.Bd5 Rac8 24.R4d3 Nc4 25.f4 Qe7 26.Rd4 Nb6 27.Bb3 d5 28.Qe3 dxe4 29.Rxe4 Qf6
30.Rdd4 Rc6 31.Re8 Rc8 32.Re5 Nc4 33.Bxc4 Rxc4 34.Rxc4 bxc4 35.Qe4 Rc8 36.Kg2 Kf8
37.Qd4 Qc6+ 38.Rd5 Kg8 39.Kg3 Re8 40.Rd7 Qe6 41.Qd5  1/2-1/2

[Event "Tatry op"]
[Site "Tatranska Lomnica"]
[Date "1998.??.??"]
[Round "2"]
[White "Tomcik, Milan"]
[Black "Navratil, Frantisek"]
[Result "1/2-1/2"]
[WhiteElo "2310"]
[BlackElo "2055"]

1.e4 c5 2.Nf3 e6 3.d4 cxd4 4.Nxd4 a6 5.Bd3 d6 6.O-O Nf6 7.Nc3 b5 8.Be3 Bb7
9.f3 Be7 10.Qe1 O-O 11.Nce2 Nbd7 12.c3 d5  1/2-1/2

[Event "ROM-chT"]
[Site "Timisu de Sus"]
[Date "1998.??.??"]
[Round "2"]
[White "Ardeleanu, Alin"]
[Black "Zetocha, Claudiu"]
[Result "1/2-1/2"]
[WhiteElo "2400"]
[BlackElo "2400"]

1.e4 c5 2.Nf3 e6 3.d4 cxd4 4.Nxd4 a6 5.Bd3 Nf6 6.O-O d6 7.c4 Be7 8.b3 O-O
9.Bb2 Nbd7 10.Nc3 Re8 11.Qe2 Bf8 12.Kh1 Nc5 13.Bc2 g6 14.Rad1 e5 15.Nf3 Nh5
16.Nd5 b5 17.b4 Ne6 18.g3 Nf6 19.cxb5 axb5 20.Bb3 Bb7 21.Rfe1  1/2-1/2

[Event "Trinec op9798"]
[Site "Trinec"]
[Date "1998.??.??"]
[Round "?"]
[White "Gazik, Igor"]
[Black "Niklasch, Oliver"]
[Result "0-1"]
[WhiteElo "2395"]
[BlackElo "2345"]

1.e4 c5 2.Nf3 e6 3.d4 cxd4 4.Nxd4 a6 5.Bd3 Nc6 6.Nxc6 dxc6 7.Nd2 e5 8.Qh5 Bd6
9.Nc4 Nf6 10.Qg5 O-O 11.O-O Re8 12.Bd2 Bc7 13.a4 Be6 14.Qe3 b5 15.axb5 axb5
16.Na3 Bb6 17.Qe2 Bd4 18.Rfb1 Ng4 19.Be1 Qg5 20.c3 Qf4 21.g3 Qh6 22.h4 Bb6
23.Nc2 g5 24.Qd2 f6 25.Rxa8 Rxa8 26.Ra1 Rxa1 27.Nxa1 Qg7 28.hxg5 fxg5 29.Kf1 Nh2+
30.Kg2 Qh6 31.Be2 Qh3+ 32.Kg1 Qxg3+ 33.Kh1 Qh4 34.f3 Qh5 35.Bg3 Nf1+  0-1

[Event "JUG Cup"]
[Site "Ulcinj"]
[Date "1998.??.??"]
[Round "4"]
[White "Sokolov, Alexander"]
[Black "Martinovic, Slobodan"]
[Result "1-0"]
[WhiteElo "2380"]
[BlackElo "2470"]

1.e4 c5 2.Nf3 e6 3.d4 cxd4 4.Nxd4 a6 5.Bd3 Qb6 6.Ne2 Nf6 7.O-O d6 8.a4 Nc6
9.Nd2 Qc7 10.c4 Ne5 11.Bc2 Be7 12.b3 O-O 13.Bb2 b6 14.Ng3 Bb7 15.Kh1 Rac8
16.f4 Ng6 17.Rc1 Rfe8 18.Nh5 Qd8 19.f5 exf5 20.Rxf5 Ne5 21.Nf3 Nxh5 22.Nxe5 dxe5
23.Qxh5 f6 24.Rd1 Qc7 25.Rf3 Bf8 26.Re3 g6 27.Qh4 Re6 28.Red3 Bc6 29.b4 Bxb4
30.Bxe5 Kg7 31.Bb2 Rce8 32.Rb3 Bc5 33.Rg3 Rf8 34.Bc1  1-0

[Event "Vienna op 13th"]
[Site "Vienna"]
[Date "1998.??.??"]
[Round "?"]
[White "Forchert, Martin"]
[Black "Maiwald, Jens Uwe"]
[Result "0-1"]
[WhiteElo "2300"]
[BlackElo "2460"]

1.e4 c5 2.Nf3 e6 3.d4 cxd4 4.Nxd4 a6 5.Bd3 g6 6.O-O Bg7 7.c3 d5 8.exd5 Qxd5
9.Qe2 Nf6 10.Rd1 O-O 11.Bc2 Qc5 12.Nb3 Qc7 13.N1d2 Nbd7 14.Nc4 Nd5 15.g3 b5
16.Ne3 N5f6 17.a4 Bb7 18.axb5 axb5 19.Rxa8 Bxa8 20.f3 Rb8 21.Rf1 Ne5 22.Nd2 h5
23.Ne4 Nxe4 24.Bxe4 Bxe4 25.fxe4 Qc5 26.Kh1 b4 27.Bd2 Rd8 28.Nc2 Nc4 29.Be1 bxc3
30.bxc3 Nd6  0-1

[Event "Donau op"]
[Site "Vienna"]
[Date "1998.??.??"]
[Round "3"]
[White "Mujovic, Sabahudin"]
[Black "Lendwai, Reinhard"]
[Result "1-0"]
[WhiteElo "2235"]
[BlackElo "2395"]

1.e4 e6 2.d4 c5 3.Nf3 cxd4 4.Nxd4 a6 5.Bd3 Nf6 6.Nc3 d6 7.O-O Be7 8.Be3 Nc6
9.Nxc6 bxc6 10.Na4 Nd7 11.c4 Bf6 12.Rb1 O-O 13.f4 c5 14.Bc2 Qc7 15.Qd3 g6
16.Rfd1 Be7 17.a3 Rd8 18.Qe2 Bb7 19.Kh1 Rac8 20.Bg1 Ba8 21.h3 Bf8 22.Bh2 Bg7
23.f5 Ne5 24.Rd2 Re8 25.Rbd1 Rcd8 26.Qf1 Kh8 27.f6 Bf8 28.b3 Bc6 29.Nxc5 a5
30.Na6 Qc8 31.Nc5 Nxc4 32.Qxc4 dxc5 33.Bd6 Bxd6 34.Rxd6 Rxd6 35.Rxd6 Ba8
36.Qa6 Qb8 37.Qb6 Qc8 38.Qxa5 h6 39.Qa7 Kg8 40.Rd7 Rf8 41.Bd3 Qc6 42.Rc7 Qd6
43.Qxc5 Qxc5 44.Rxc5 Rd8 45.Bc2  1-0

[Event "POL-chT2"]
[Site "Wisla"]
[Date "1998.??.??"]
[Round "?"]
[White "Kosturkiewicz, Jacek"]
[Black "Gromczak, Dariusz"]
[Result "1/2-1/2"]
[WhiteElo "2180"]
[BlackElo "2250"]

1.e4 c5 2.Nf3 e6 3.d4 cxd4 4.Nxd4 a6 5.Bd3 Qc7 6.Nc3 Nf6 7.f4 d6 8.O-O Be7
9.Qe1 Nbd7 10.Kh1 Nc5 11.Qg3 Nxd3 12.cxd3 Qc5 13.Be3 Qh5  1/2-1/2

[Event "POL-chT2"]
[Site "Wisla"]
[Date "1998.??.??"]
[Round "?"]
[White "Jakubowski, Tomasz"]
[Black "Wolak, Jacek"]
[Result "1-0"]
[WhiteElo "2220"]
[BlackElo "2125"]

1.e4 c5 2.Nf3 e6 3.d4 cxd4 4.Nxd4 a6 5.Bd3 Nc6 6.Be3 Nf6 7.O-O Qc7 8.Kh1 d6
9.c4 Be7 10.Nc3 O-O 11.f4 Nxd4 12.Bxd4 g6 13.Qd2 Bd7 14.Rf3 Bc6 15.Raf1 Nh5
16.f5 e5 17.Be3 f6 18.Rh3 Ng7 19.fxg6 hxg6 20.c5 Ne6 21.Bc4 Qd7 22.cxd6 Bxd6
23.Rd1 Rad8 24.Bb6 g5 25.Bxd8 Rxd8 26.Rd3  1-0

[Event "Zadar op"]
[Site "Zadar"]
[Date "1998.??.??"]
[Round "6"]
[White "Delchev, Aleksander"]
[Black "Brumen, Dinko"]
[Result "1-0"]
[WhiteElo "2545"]
[BlackElo "2385"]

1.e4 c5 2.Nf3 e6 3.d4 cxd4 4.Nxd4 a6 5.Bd3 Qb6 6.Nb3 Qc7 7.O-O d6 8.c4 Nf6
9.Nc3 Be7 10.Qe2 O-O 11.Bg5 Nbd7 12.f4 b6 13.Rae1 e5 14.Nd5 Nxd5 15.exd5 Bxg5
16.fxg5 Qd8 17.Bxh7+ Kxh7 18.Qh5+ Kg8 19.Re4 f5 20.Rh4 Nf6 21.gxf6 Qxf6 22.Nd2 Qh6
23.Qxh6 gxh6 24.Rxh6 Rd8 25.Rf3 Kg7 26.Rfh3 e4 27.R3h4 Rb8 28.Kf2 Rb7 29.Ke3 Rf7
30.Kf4 b5 31.b3 Kf8 32.Nf1 bxc4 33.bxc4 Ke7 34.Ne3 a5 35.Rh8 a4 36.Rxd8 Kxd8
37.Rh8+ Kc7 38.h4 Bd7 39.h5 Kb6 40.h6 Kc5 41.Rg8 Rh7 42.Rg7  1-0

[Event "Ardid mem 10th op"]
[Site "Zaragoza"]
[Date "1998.??.??"]
[Round "4"]
[White "Vehi Bach, Victor Manuel"]
[Black "Montoya Bello, Felix J"]
[Result "1-0"]
[WhiteElo "2410"]
[BlackElo "2175"]

1.e4 c5 2.Nf3 e6 3.d4 cxd4 4.Nxd4 a6 5.Bd3 Nc6 6.Nxc6 dxc6 7.Be3 e5 8.Nd2 Bd6
9.a4 Nf6 10.Nc4 Bc7 11.a5 Be6 12.Nb6 Bxb6 13.Bxb6 Qe7 14.f3 Nd7 15.Be3 Rd8
16.Qe2 Nc5 17.Bc4 O-O 18.O-O Bxc4 19.Qxc4 Ne6 20.Bb6 Rd2 21.Rad1 Qg5 22.Rxd2 Qxd2
23.Qc3 Qxc3 24.bxc3 f6 25.g3 Rf7 26.Kf2 Rd7 27.Ke3 Kf7 28.f4 exf4+ 29.gxf4 Nc7
30.c4 Ke6 31.h4 Ne8 32.Bc5 Nd6 33.f5+ Kf7 34.Bxd6 Rxd6 35.c5 Rd7 36.h5 g5
37.fxg6+ hxg6 38.e5 f5 39.h6 Rd5 40.e6+ Kxe6 41.h7 Rd8 42.Rb1 Rh8 43.Rxb7 Kf6
44.Kf3 Kg5 45.Rc7 Kh6 46.Rxc6 Rxh7 47.Rxa6 Kg5 48.Rb6 Rh3+ 49.Ke2 Rc3 50.c6 Kf6
51.a6 Ke7 52.a7 Rxc2+ 53.Ke3 Ra2 54.c7 Kd7 55.Rb8  1-0

[Event "Bad Zwesten op"]
[Site "Bad Zwesten"]
[Date "1999.01.03"]
[Round "2"]
[White "Schuette, Marc"]
[Black "Kierzek, Mira"]
[Result "1-0"]
[WhiteElo "2265"]
[BlackElo "2040"]

1.e4 c5 2.Nf3 e6 3.d4 cxd4 4.Nxd4 a6 5.Bd3 Bc5 6.Nb3 Be7 7.Qg4 g6 8.f4 Nc6
9.Nc3 Bh4+ 10.g3 Bf6 11.e5 Be7 12.Qf3 d6 13.exd6 Qxd6 14.Be3 Qc7 15.O-O-O Nf6
16.g4 Bd7 17.g5 Nh5 18.Be4 Nd8 19.Rd2 Bc6 20.Rhd1 O-O 21.Qf2 Rc8 22.Bxc6 Nxc6
23.Rd7 Qb8 24.Ne2 Bd8 25.Ng3 Ng7 26.Nc5 Bc7 27.Nce4 Ne8 28.Kb1 Kg7 29.h4 Nb4
30.Bc5 Nd5 31.Qd4+ Kg8 32.Bxf8 Bxf4 33.Bh6 Be5 34.Qd3 Nf4 35.Qf3 Rxc2 36.Kxc2 Qc8+
37.Kb1 Nd6 38.R7xd6 Bxd6  1-0

[Event "Hastings Challengers"]
[Site "Hastings"]
[Date "1999.01.05"]
[Round "8"]
[White "Kaiumov, Dmitry D"]
[Black "Bischoff, Klaus"]
[Result "1/2-1/2"]
[WhiteElo "2460"]
[BlackElo "2550"]

1.e4 c5 2.Nf3 e6 3.d4 cxd4 4.Nxd4 a6 5.Bd3 Qb6 6.Nb3 Qc7 7.O-O Nf6 8.Qe2 d6
9.f4 Nc6 10.Bd2 Be7 11.c4 b6 12.Bc3 O-O 13.N1d2 Nd7 14.Rf3 e5 15.f5 a5 16.Raf1 a4
17.Na1 Nd4 18.Bxd4 exd4 19.Nc2 Ne5 20.Rh3 Bf6 21.Kh1 Qc5 22.b4 axb3 23.Nxb3 Qc7
24.Ncxd4 Bb7 25.Nb5 Qe7 26.Bb1 Rfc8  1/2-1/2

[Event "Rilton Cup 9899"]
[Site "Stockholm"]
[Date "1999.01.05"]
[Round "8"]
[White "Wedberg, Tom"]
[Black "Agrest, Evgenij"]
[Result "0-1"]
[WhiteElo "2475"]
[BlackElo "2545"]

1.e4 c5 2.Nf3 e6 3.d4 cxd4 4.Nxd4 a6 5.Bd3 Bc5 6.c3 Nc6 7.Be3 Qf6 8.Bc2 Qe7
9.O-O Nf6 10.Nd2 d5 11.exd5 Bxd4 12.cxd4 Nxd5 13.Qh5 Ncb4 14.Bb1 h6 15.Nc4 Nxe3
16.fxe3 O-O 17.Be4 f5 18.a3 Bd7 19.axb4 fxe4 20.Ne5 Bb5 21.Rxf8+ Rxf8 22.Qg6 Qf6
23.h3 Qf2+ 24.Kh1 Qxe3 25.Qxe6+ Kh7 26.d5 Qg3 27.Ng4 Rf4 28.Rg1 Bc4 29.Qd7 e3
30.Qe6 e2  0-1

[Event "Hastings Challengers"]
[Site "Hastings"]
[Date "1999.01.07"]
[Round "10"]
[White "Kaiumov, Dmitry D"]
[Black "Miezis, Normunds"]
[Result "1/2-1/2"]
[WhiteElo "2460"]
[BlackElo "2515"]

1.e4 c5 2.Nf3 e6 3.d4 cxd4 4.Nxd4 a6 5.Bd3 Nc6 6.Nxc6 dxc6 7.Nd2 e5 8.Nc4 Nf6
9.Bd2 Bd6 10.a4 Be6 11.Qe2 O-O 12.a5 Qe7 13.O-O Bxc4 14.Bxc4 Rfd8 15.Rfd1 Rd7
16.c3 Rad8 17.b4 Bb8 18.Bg5 h6 19.Bxf6 Qxf6 20.Bb3 Ba7 21.g3 g6 22.Kg2 Qe7
23.h4 h5 24.Rxd7 Rxd7 25.Rd1  1/2-1/2

[Event "Australian op"]
[Site "Suncoast"]
[Date "1999.01.07"]
[Round "6"]
[White "Chapman, Mark2"]
[Black "Chambers, Matthew"]
[Result "1-0"]
[WhiteElo "2075"]
[BlackElo "2095"]

1.e4 c5 2.Nf3 e6 3.d4 cxd4 4.Nxd4 a6 5.Bd3 Nf6 6.O-O Qc7 7.Qe2 d6 8.Kh1 Be7
9.f4 Nbd7 10.Nf3 b5 11.a3 Bb7 12.Nc3 e5 13.Bd2 O-O 14.Rae1 Rfe8 15.Qf2 Nc5
16.b4 Ncd7 17.a4 bxa4 18.Nxa4 Bc6 19.Nc3 Qb7 20.Nh4 Ng4 21.Qg3 Bxh4 22.Qxh4 Ngf6
23.fxe5 dxe5 24.Re3 Qxb4 25.Rg3 Qd6 26.Qh6 Kf8 27.Rxg7 Ke7 28.Rxf7+ Kxf7
29.Qxh7+ Ke6 30.Bc4+  1-0

[Event "Troll Masters"]
[Site "Gausdal"]
[Date "1999.01.09"]
[Round "1"]
[White "Trygstad, Kristian"]
[Black "Miezis, Normunds"]
[Result "0-1"]
[WhiteElo "2255"]
[BlackElo "2515"]

1.e4 c5 2.Nf3 e6 3.d4 cxd4 4.Nxd4 a6 5.Bd3 Nc6 6.Nxc6 dxc6 7.Nd2 e5 8.Qh5 Bd6
9.Nc4 Nf6 10.Nxd6+ Qxd6 11.Qe2 Be6 12.O-O O-O 13.a4 Rfd8 14.Bg5 Rd7 15.Bxf6 gxf6
16.Rfd1 Rad8 17.Qf3 Kg7 18.Qg3+ Kf8 19.b3 Qc5 20.Rab1 Ke7 21.h4 a5 22.h5 b5
23.Qg7 Rb8 24.axb5 cxb5 25.Qxh7 Rdd8 26.Qh6 Rh8 27.Qe3 Qxe3 28.fxe3 Bg4 29.Rf1 Bd7
30.c4 Rxh5 31.cxb5 Bxb5 32.Bxb5 Rxb5 33.Kf2 Rh8 34.Rfc1 Rhb8 35.Ra1 Rd8 36.Rc3 Rd2+
37.Kf3 Kf8 38.Rc8+ Kg7 39.Ra3 Rb2 40.Ra8 Rc5 41.R8xa5 Rcc2 42.g3 Rh2 43.Kg4 Rbf2
44.Ra1 Rh6 45.Rg1 Rg6+ 46.Kh3 Rf3 47.Rb5 Rxe3 48.Rb4 Rg5 49.Rg2 Rh5+ 50.Kg4 Kg6
51.Rg1 f5+ 52.exf5+ Rxf5 53.Rb6+ f6 54.b4 Re4+ 55.Kh3 Rh5+ 56.Kg2 Re2+ 57.Kf3 Rhh2
58.Kg4 Re4+ 59.Kf3 Rhe2 60.Rc1 R4e3+ 61.Kg4 Rg2 62.Rf1 Rgxg3+ 63.Kh4 Rh3+
64.Kg4 Reg3+  0-1

[Event "Linares Anibal op"]
[Site "Linares"]
[Date "1999.01.09"]
[Round "2"]
[White "Herrera, Irisberto"]
[Black "Romanishin, Oleg M"]
[Result "1/2-1/2"]
[WhiteElo "2425"]
[BlackElo "2600"]

1.e4 c5 2.Nf3 e6 3.d4 cxd4 4.Nxd4 a6 5.Bd3 Nf6 6.O-O e5 7.Nb3 Be7 8.Nc3 d6
9.a4 b6 10.Bg5 Nbd7 11.Nd2 Nc5 12.Bxf6 Bxf6 13.Nc4 Bb7 14.Be2 O-O 15.Nxd6 Bc6
16.b4 Ne6 17.Nf5 Nd4 18.Ne3 Bg5 19.Bd3 Bb7 20.Ncd5 Rc8 21.c3 Ne6 22.c4 Nd4
23.Ra2 a5 24.bxa5 bxa5 25.Rb2 Bc6 26.Qg4 Ne6 27.Bc2 Rb8 28.Rxb8 Qxb8 29.h4 Bd8
30.Rb1 Qa7 31.Nf5 Kh8 32.h5 Qc5 33.Rb8 Qxc4 34.Nc7 Bf6 35.Ne3 Qc5 36.Nxe6 fxe6
37.Rxf8+ Qxf8 38.Qxe6 Be8 39.Bd1 Bf7 40.Qb6 Qd8 41.Qxd8+ Bxd8 42.g4 Bb6 43.Nf1 Bd4
44.Kg2 Kg8 45.Kg3 g5 46.hxg6 Bxg6 47.Bc2 Kf7 48.f4 exf4+ 49.Kxf4 Kf6 50.Nd2 Be5+
51.Ke3 h5 52.gxh5 Bxh5 53.Nc4 Bc7 54.Kd4 Bf7  1/2-1/2

[Event "BL2-S9899"]
[Site "Germany"]
[Date "1999.01.10"]
[Round "4.7"]
[White "Bach, Edwin"]
[Black "Linhart, Wolfgang"]
[Result "1/2-1/2"]
[WhiteElo "2242"]
[BlackElo "2250"]

1.e4 c5 2.Nf3 e6 3.d4 cxd4 4.Nxd4 a6 5.Bd3 d5 6.exd5 Qxd5 7.O-O Nf6 8.Nc3 Qd8
9.Nf3 Nc6 10.Qe2 Be7 11.Bf4 O-O 12.Rad1 Qb6 13.b3 Qa5 14.Ne4 Nd5 15.Bd2 Qc7
16.c4 Nf4 17.Bxf4 Qxf4 18.Ng3 g6 19.Be4 Qc7 20.Rd2 Bd7 21.Bxc6 Bxc6  1/2-1/2

[Event "Tapolca op"]
[Site "Budapest"]
[Date "1999.01.12"]
[Round "5"]
[White "Nagy, Zoltan"]
[Black "Krutti, Valer"]
[Result "1/2-1/2"]
[WhiteElo "2245"]
[BlackElo "2360"]

1.e4 c5 2.Nf3 e6 3.d4 cxd4 4.Nxd4 a6 5.Bd3 Nf6 6.O-O d6 7.f4 Nbd7 8.Kh1 Be7
9.Qe2 Qc7 10.c4 O-O 11.b3 b6 12.Bb2 Bb7 13.Nc3  1/2-1/2

[Event "Troll Masters"]
[Site "Gausdal"]
[Date "1999.01.14"]
[Round "8"]
[White "Trygstad, Kristian"]
[Black "Bjornsson, Sigurbjorn"]
[Result "1/2-1/2"]
[WhiteElo "2255"]
[BlackElo "2190"]

1.e4 c5 2.Nf3 e6 3.d4 cxd4 4.Nxd4 a6 5.Bd3 Qc7 6.O-O Nf6 7.Qe2 d6 8.b3 Nc6
9.Nxc6 bxc6 10.Bb2 e5 11.Nd2 Be7 12.f4 Nd7 13.Nc4 O-O 14.fxe5 Nxe5 15.Nxe5 dxe5
16.Bc4 Kh8 17.Kh1 f6 18.Rad1 Rd8 19.Rxd8+ Qxd8 20.Rd1 Qe8 21.Qd3 a5 22.a4 Ra7
23.Qe3 Rd7 24.Rxd7 Qxd7 25.Qd3 Qxd3 26.cxd3 c5 27.Kg1 g6 28.Bc3 Bd8 29.Kf2 Kg7
30.Bd2 f5 31.Be3 Bb6 32.g3 Bd7 33.Bd5 Kf6 34.h4 Ke7 35.Kf3 Be8 36.Bg5+ Kd6
37.Bg8 h5 38.Bc4 Bc7 39.Bd5 Bb6  1/2-1/2

[Event "ISR-chT"]
[Site "Israel"]
[Date "1999.01.15"]
[Round "2"]
[White "Shmuter, Leonid"]
[Black "Maryasin, Boris"]
[Result "0-1"]
[WhiteElo "2505"]
[BlackElo "2380"]

1.e4 c5 2.Nf3 e6 3.d4 cxd4 4.Nxd4 a6 5.Bd3 Qb6 6.Nb3 Qc7 7.O-O Nf6 8.Nc3 b5
9.f4 b4 10.Ne2 Bb7 11.Ng3 h5 12.Qe2 h4 13.Nh1 a5 14.Nf2 Na6 15.Be3 a4 16.Nd4 Nc5
17.e5 Nd5 18.Ne4 Nxe4 19.Bxe4 Nc3 20.bxc3 Bxe4 21.cxb4 h3 22.Nb5 Qc6 23.Bc5 Bxc5+
24.bxc5 Qxc5+ 25.Rf2 Bxg2 26.Nd6+ Kf8 27.Rb1 Bc6 28.c4 Rh6 29.Kf1 Kg8 30.Qd3 Rf8
31.Ke2 f6 32.Qe3 Qxe3+ 33.Kxe3 fxe5 34.fxe5 Rxf2 35.Kxf2 Rh5 36.Re1 Rg5 37.Re2 Kh7
38.Ke1 Kg6 39.Kd2 Rg2 40.Ke3 Kg5  0-1

[Event "Linares Anibal op"]
[Site "Linares"]
[Date "1999.01.15"]
[Round "8"]
[White "Prasad, Devaki V"]
[Black "Landa, Konstantin"]
[Result "1/2-1/2"]
[WhiteElo "2405"]
[BlackElo "2520"]

1.e4 c5 2.Nf3 e6 3.d4 cxd4 4.Nxd4 a6 5.Bd3 Nf6 6.O-O Qc7 7.Qe2 d6 8.c4 g6
9.Nc3 Bg7 10.Rd1 O-O 11.h3 Nfd7 12.Nf3 b6 13.Bf4 Ne5 14.Rac1 Nbc6 15.b3 Bb7
16.Bb1 Nxf3+ 17.Qxf3 Nd4 18.Qg3 e5 19.Be3 Rfe8 20.Bd3 Rac8 21.Nd5 Qd8 22.f3 a5
23.Bg5 f6 24.Be3 Bxd5 25.cxd5 Rc5 26.Rc4 Rxc4 27.Bxc4 Nc2 28.Qf2 Nxe3 29.Qxe3 Qc7
30.Rc1 Rc8 31.Rc2 Qd8 32.a4 h5 33.Qc1 Kh7 34.Bd3 Rc5 35.Rxc5 bxc5 36.Qc4 Bh6
37.Kf2 h4 38.Qa6 Bd2 39.Ke2 Bb4 40.Qb7+ Kh6 41.Qf7 c4  1/2-1/2

[Event "BL2-Mitte 9900 (Women)"]
[Site "Germany"]
[Date "1999.01.17"]
[Round "4"]
[White "Nuenchert, Eveline"]
[Black "Glaser, Andrea"]
[Result "1-0"]
[WhiteElo "2210"]
[BlackElo "2025"]

1.e4 c5 2.Nf3 e6 3.d4 cxd4 4.Nxd4 a6 5.Bd3 Qc7 6.O-O Nc6 7.Nxc6 dxc6 8.c4 Nf6
9.Nc3 e5 10.a3 Be6 11.Qe2 Be7 12.b4 O-O 13.f3 a5 14.Rb1 Rfd8 15.Be3 axb4
16.axb4 Ra3 17.Qc2 Rda8 18.Kh1 Nh5 19.Rfd1 Nf4 20.Bf1 h6 21.Bc1 R3a6 22.c5 Ra1
23.Rxa1 Rxa1 24.Bb2 Rxd1 25.Nxd1 f6 26.Ne3 b6 27.Bc4 Kf7 28.g3 Nh3 29.Nf5 Ng5
30.h4 b5 31.Bb3 Bxb3 32.Qxb3+ Ne6 33.Nxg7 Kxg7 34.Qxe6 Qd8 35.Bc1 Qd1+ 36.Kh2 Qxc1
37.Qxe7+ Kg6 38.h5+ Kxh5 39.g4+ Kg5 40.Qg7+  1-0

[Event "NRW-Liga I 9899"]
[Site "GER"]
[Date "1999.01.20"]
[Round "5"]
[White "Coenen, Norbert"]
[Black "Kassebaum, Roman"]
[Result "1-0"]
[WhiteElo "2330"]
[BlackElo "2320"]

1.e4 c5 2.Nf3 e6 3.d4 cxd4 4.Nxd4 a6 5.Bd3 Qc7 6.O-O d6 7.c4 Nf6 8.b3 g6
9.Bb2 Bg7 10.Nc3 O-O 11.Rc1 Nbd7 12.Bb1 b6 13.Qd2 Bb7 14.Kh1 Rad8 15.f4 Rfe8
16.Nf3 Qb8 17.Rce1 Nc5 18.Qf2 b5 19.cxb5 axb5 20.e5 Ng4 21.Qh4 h5 22.b4 Nd7
23.h3 Nh6 24.exd6 Nb6 25.Ne5 Rxd6 26.Nxb5 Rd2 27.Rf2 Red8 28.Bc1 Rxf2 29.Qxf2 Nd5
30.a3 Nf5 31.Bxf5 exf5 32.Nd4 Qa8 33.Bb2 Nf6 34.Kh2 Ne4 35.Qe2 Bh6 36.Rf1 h4
37.Nxf5 gxf5 38.Qh5 Bg7 39.Qxf7+ Kh8 40.Ng6+  1-0

[Event "NRW-Liga I 9899"]
[Site "GER"]
[Date "1999.01.20"]
[Round "5"]
[White "Souleidis, Georgios"]
[Black "Miezis, Normunds"]
[Result "1/2-1/2"]
[WhiteElo "2345"]
[BlackElo "2515"]

1.e4 c5 2.Nf3 e6 3.d4 cxd4 4.Nxd4 a6 5.Bd3 Nc6 6.Nxc6 dxc6 7.Nd2 e5 8.Qh5 Bd6
9.Nc4 Nf6 10.Qe2 Be6 11.Nxd6+ Qxd6 12.O-O Nd7 13.Rd1 Qe7 14.a4 O-O 15.b3 Rfd8
16.a5 Rac8 17.Ba3 Qg5 18.Qd2 Qg6 19.Be7 Re8 20.Qg5 c5 21.Qxg6 hxg6 22.Bg5 Rc7
23.Ra4 Nb8 24.Bc4 Nc6 25.Bxe6 Rxe6 26.c3 f6 27.Be3 Ne7 28.f3 Kf7 29.Rc4 Rec6
30.g3 Ke6 31.Kf2 f5 32.Rd8 Rd6 33.Rxd6+ Kxd6 34.f4 fxe4 35.Rxe4 Nc6 36.fxe5+ Kd5
37.Ra4 Nxe5 38.Bf4 Rf7 39.Ke2 Nc6 40.h4 Re7+ 41.Kd3 Re1 42.Bc7 Re7 43.Bf4 Re1
44.Bc7 Re7 45.Bf4  1/2-1/2

[Event "Geneve op"]
[Site "Geneve"]
[Date "1999.01.26"]
[Round "4"]
[White "Paleologu, Vladimir"]
[Black "Meyer, Harvey"]
[Result "0-1"]
[WhiteElo "2072"]
[BlackElo "2139"]

1.e4 c5 2.Nf3 e6 3.d4 cxd4 4.Nxd4 a6 5.Bd3 Nf6 6.c4 Nc6 7.Nxc6 dxc6 8.O-O e5
9.Nc3 Bc5 10.h3 h6 11.Qe2 Be6 12.Be3 Bd4 13.Nd5 cxd5 14.exd5 Bxe3 15.Qxe3 Bd7
16.Qxe5+ Qe7 17.Qc7 O-O 18.a3 b5 19.b3 Rfc8 20.Qf4 bxc4 21.d6 Qe6 22.Rfe1 Qd5
23.Bxc4 Qf5 24.Qd4 Qc5 25.Qxc5 Rxc5 26.Re7 Be6 27.Bxe6 fxe6 28.Rxe6 Rd8 29.Rd1 Rc3
30.Re3 Rxe3 31.fxe3 Kf7 32.b4 Ke6 33.Rc1 Rxd6 34.Kf2 Rd2+ 35.Kf3 Kd6 36.Rc5 Rd5
37.Rc8 Rf5+ 38.Ke2 a5 39.g4 Re5 40.bxa5 Rxa5 41.Rc3 Ne4 42.Rc4 Nc5 43.Rc3 Kd5
44.Kf3 Ra4 45.Ke2 Rc4 46.Rxc4 Kxc4 47.Kf3 g5 48.Kg3 Kb3 49.h4 Kxa3 50.hxg5 hxg5
51.Kf3 Kb4 52.e4 Kc4 53.Ke3 Nd7 54.e5 Kd5 55.e6 Kxe6 56.Ke4 Ne5  0-1

[Event "Nova Gorica op"]
[Site "Nova Gorica"]
[Date "1999.01.28"]
[Round "1"]
[White "Ipavec, Petra"]
[Black "Romanishin, Oleg M"]
[Result "1/2-1/2"]
[WhiteElo "2091"]
[BlackElo "2572"]

1.e4 c5 2.Nf3 e6 3.d4 cxd4 4.Nxd4 a6 5.Bd3 Nf6 6.O-O e5 7.Ne2 Bc5 8.Bg5 d6
9.Nbc3 Nbd7 10.Nd5 h6 11.Bxf6 Nxf6 12.Nec3 Be6 13.Bc4 Nh7 14.Qd3 O-O 15.Rad1 Rc8
16.Ne2 Kh8 17.Ng3 Qg5 18.Kh1 h5 19.Nf5 Bxf5 20.exf5  1/2-1/2

[Event "Nova Gorica op"]
[Site "Nova Gorica"]
[Date "1999.01.29"]
[Round "2"]
[White "Fercec, Nenad"]
[Black "Bednarich, Jan"]
[Result "1-0"]
[WhiteElo "2495"]
[BlackElo "2230"]

1.e4 c5 2.Nf3 e6 3.d4 cxd4 4.Nxd4 a6 5.Bd3 Qc7 6.O-O Nf6 7.c4 d6 8.Nc3 g6
9.Be3 Bg7 10.Rc1 O-O 11.b4 b6 12.Nb3 Nbd7 13.Be2 Bb7 14.f3 Rac8 15.Qd2 Rfe8
16.Rfd1 Bf8 17.a3 Qb8 18.Bf1 Ba8 19.Qf2 Be7 20.Na4 Bd8 21.g4 d5 22.cxd5 Rxc1
23.Rxc1 exd5 24.g5 Nh5 25.Bd3 Qd6 26.Rd1 Ne5 27.Bf1 Qc6 28.b5 axb5 29.exd5 Qd7
30.Nc3 Nc4 31.Bc1 Qf5 32.Nxb5 Ne5 33.N3d4 Qd7 34.Nc3 Rf8 35.f4 Ng4 36.Qf3 f5
37.h3 Be7 38.hxg4 fxg4 39.Qe4 Bc5 40.Nb5 Qg7  1-0

[Event "Geneve op"]
[Site "Geneve"]
[Date "1999.01.31"]
[Round "9"]
[White "Olivier, Jean Christophe"]
[Black "Tukmakov, Vladimir B"]
[Result "1-0"]
[WhiteElo "2417"]
[BlackElo "2581"]

1.e4 c5 2.Nf3 e6 3.d4 cxd4 4.Nxd4 a6 5.Bd3 g6 6.Nc3 Bg7 7.Nf3 Nc6 8.Bf4 b5
9.a3 Bb7 10.Qd2 Rc8 11.O-O Na5 12.Rad1 Ne7 13.Bh6 O-O 14.Rfe1 Qc7 15.Qg5 f6
16.Qh4 e5 17.Bxg7 Kxg7 18.h3 Rcd8 19.Re3 d5 20.Nxd5 Bxd5 21.exd5 Nxd5 22.Ree1 Nf4
23.g3 Nxd3 24.cxd3 Nb3 25.d4 Qc2 26.d5 Rd7 27.Qb4 Rc8 28.Qg4 Rcd8 29.Qe6 Qc8
30.Nxe5 fxe5 31.d6 Qc4 32.Qxe5+ Kg8 33.Re4 Qc2 34.Rd5 Rf7 35.Rf4 Rxf4 36.gxf4 Qf5
37.Qe7 Rd7  1-0